<?xml version="1.0" encoding="UTF-8"?><marc:collection xmlns:marc="http://www.loc.gov/MARC21/slim">
  <marc:record>
    <marc:leader>00000nas  2200000za 4500</marc:leader>
    <marc:controlfield tag="001">9.504177</marc:controlfield>
    <marc:controlfield tag="003">CaOODSP</marc:controlfield>
    <marc:controlfield tag="005">20230125090351</marc:controlfield>
    <marc:controlfield tag="007">cr |||||||||||</marc:controlfield>
    <marc:controlfield tag="008">150406d19892005oncar p o||||f|   |0fre|d</marc:controlfield>
    <marc:datafield tag="040" ind1=" " ind2=" ">
      <marc:subfield code="a">CaOODSP</marc:subfield>
      <marc:subfield code="b">fre</marc:subfield>
    </marc:datafield>
    <marc:datafield tag="043" ind1=" " ind2=" ">
      <marc:subfield code="a">n-cn---</marc:subfield>
    </marc:datafield>
    <marc:datafield tag="086" ind1="1" ind2=" ">
      <marc:subfield code="a">En81-20F-PDF</marc:subfield>
    </marc:datafield>
    <marc:datafield tag="245" ind1="0" ind2="0">
      <marc:subfield code="a">Inventaire national des matières contenant des BPC utilisées ou entreposées au Canada, rapport sommaire de ... </marc:subfield>
      <marc:subfield code="h">[ressource électronique] / </marc:subfield>
      <marc:subfield code="c">préparé à l'intention du Conseil canadien des ministres de l'environnement. </marc:subfield>
    </marc:datafield>
    <marc:datafield tag="246" ind1="1" ind2=" ">
      <marc:subfield code="a">Inventaire national des matières utilisées contenant des BPC et des déchets contenant des BPC en entreposage au Canada, rapport ...</marc:subfield>
    </marc:datafield>
    <marc:datafield tag="260" ind1=" " ind2=" ">
      <marc:subfield code="a">Ottawa : </marc:subfield>
      <marc:subfield code="b">Environnement Canada</marc:subfield>
    </marc:datafield>
    <marc:datafield tag="310" ind1=" " ind2=" ">
      <marc:subfield code="a">Annuel</marc:subfield>
    </marc:datafield>
    <marc:datafield tag="362" ind1="0" ind2=" ">
      <marc:subfield code="a">1989-2005.</marc:subfield>
    </marc:datafield>
    <marc:datafield tag="691" ind1="0" ind2="7">
      <marc:subfield code="a">Gestion des déchets</marc:subfield>
      <marc:subfield code="2">gcpds</marc:subfield>
    </marc:datafield>
    <marc:datafield tag="691" ind1="0" ind2="7">
      <marc:subfield code="a">Gestion de l'environnement</marc:subfield>
      <marc:subfield code="2">gcpds</marc:subfield>
    </marc:datafield>
    <marc:datafield tag="691" ind1="0" ind2="7">
      <marc:subfield code="a">Produit toxique</marc:subfield>
      <marc:subfield code="2">gcpds</marc:subfield>
    </marc:datafield>
    <marc:datafield tag="710" ind1="1" ind2=" ">
      <marc:subfield code="a">Canada. </marc:subfield>
      <marc:subfield code="b">Environnement Canada.</marc:subfield>
    </marc:datafield>
    <marc:datafield tag="775" ind1="0" ind2="8">
      <marc:subfield code="t">National inventory of PCBs in use and PCB wastes in storage in Canada, ... annual report </marc:subfield>
      <marc:subfield code="w">(CaOODSP)9.507797</marc:subfield>
    </marc:datafield>
  </marc:record>
</marc:collection>
